| 000 | 01024nam a22002177a 4500 | ||
|---|---|---|---|
| 003 | OSt | ||
| 005 | 20170424132308.0 | ||
| 008 | 150407b xxu||||| |||| 00| 0 eng d | ||
| 040 | _cCRI | ||
| 082 | _a370 | ||
| 100 |
_941082 _aSerrano de Alvarado, Mirian Arely |
||
| 245 | 1 | 0 |
_aEstrategias innovadoras implementadas por el comité pedagógico 2012 del Instituto Nacional San José Guayabal, del departamento de Cuscatlan _b: Investigación _cMirian Arely Serrano de Alvarado, Victor Manuel Ventura Hernández, Pedro Ángel Jovel Rivas |
| 260 |
_aIlobasco (Cabañas) _bUniversidad Católica de El Salvador _c2012 |
||
| 300 |
_a65 p. _c27 cm _e+ 1 disco compacto |
||
| 502 | _aTrabajo de graduación para optar al grado académico de Maestro/a en asesoría educativa | ||
| 650 | 0 |
_9701 _aPedagogía |
|
| 700 |
_941083 _aVentura Hernández, Victor Manuel |
||
| 700 |
_941084 _aJovel Rivas, Pedro Angel |
||
| 710 |
_940915 _aUniversidad Católica de El Salvador _bCentro Regional de Ilobasco |
||
| 942 |
_2ddc _cTG _hprozim |
||
| 999 |
_c27572 _d27572 |
||